| Tag |
First Indicator |
Second Indicator |
Subfields |
| LEADER |
00000cam a22000001a 4500 |
| 001 |
in00003277413 |
| 006 |
m d f |
| 007 |
cr bn mmmapmmp |
| 008 |
101011s1997 dcu o f000 0 eng d |
| 005 |
20260430231418.3 |
| 035 |
|
|
|a cis2007818732
|
| 040 |
|
|
|a LexisNexis
|c LexisNexis
|d UtOrBLW
|
| 043 |
|
|
|a n-us---
|
| 099 |
|
|
|a CMP-1997-WAM-0021
|
| 245 |
0 |
0 |
|a Estimated Budget Effects of Chairman's Mark Relating to Earned Income Credit Compliance Proposals /
|c prepared by the staff of the Joint Committee on Taxation.
|
| 264 |
|
1 |
|a Washington :
|b U.S. G.P.O.,
|c 1997.
|
| 300 |
|
|
|a 1 online resource.
|
| 336 |
|
|
|a text
|b txt
|2 rdacontent
|
| 337 |
|
|
|a computer
|b c
|2 rdamedia
|
| 338 |
|
|
|a online resource
|b cr
|2 rdacarrier
|
| 500 |
|
|
|a Record is based on bibliographic data in LexisNexis U.S. Congressional Research Digital Collection. Reuse except for individual research requires license from LexisNexis.
|
| 500 |
|
|
|a Electronic resource.
|
| 650 |
|
0 |
|a Earned income tax credit
|z United States.
|
| 655 |
|
7 |
|a Electronic books.
|2 local
|
| 710 |
2 |
|
|a ProQuest (Firm)
|
| 710 |
1 |
|
|a United States.
|b Congress.
|b House.
|b Committee on Ways and Means.
|
| 776 |
0 |
8 |
|i Print version:
|t Estimated Budget Effects of Chairman's Mark Relating to Earned Income Credit Compliance Proposals
|
| 776 |
0 |
8 |
|i Microfiche version:
|t Estimated Budget Effects of Chairman's Mark Relating to Earned Income Credit Compliance Proposals
|d [Bethesda, Md.] :LexisNexis Academic & Library Solutions,1997.
|o CIS 97 H782-26
|w (LexisNexis)cis09701200
|
| 830 |
|
0 |
|a U.S. Congressional Research.
|
| 856 |
4 |
0 |
|u http://proxy.library.tamu.edu/login?url=https://congressional.proquest.com/congcomp/getdoc?CRDC-ID=CMP-1997-WAM-0021
|z Connect to the full text of this electronic book
|t 0
|
| 998 |
|
|
|a cis09701200
|
| 999 |
|
|
|a MARS
|
| 999 |
f |
f |
|s e2bad256-8c10-3938-950d-0fe134d82acf
|i df148526-68e3-3488-9d79-cc489741ddb5
|t 0
|
| 952 |
f |
f |
|a Texas A&M University
|b College Station
|c Electronic Resources
|s www_evans
|d Available Online
|t 0
|e CMP-1997-WAM-0021
|h Other scheme
|
| 998 |
f |
f |
|a CMP-1997-WAM-0021
|t 0
|l Available Online
|